[Event "ch-TUR 2013"]
[Site "Antalya TUR"]
[Date "2013.02.05"]
[Round "5.5"]
[White "Sanal,V"]
[Black "Atakisi,U"]
[Result "1/2-1/2"]
[WhiteElo "2399"]
[BlackElo "2320"]

1.e4 c5 2.Nf3 d6 3.d4 cxd4 4.Nxd4 Nf6 5.Nc3 Nc6 6.Bg5 Bd7 7.f3 Qa5 8.Be3 Nxd4
9.Qxd4 g6 10.Bc4 Bg7 11.Bb3 O-O 12.Qd2 Be6 13.O-O-O Rfc8 14.Kb1 Rc6 15.Bd4 Bxb3
16.cxb3 b5 17.a3 b4 18.Na2 Rc7 19.Nxb4 Rb7 20.Qd3 Qb5 21.Qxb5 Rxb5 22.Ka2 a5
23.Nc6 Rb7 24.Rc1 e5 25.Bf2 d5 26.exd5 Nxd5 27.Rhd1 Ne7 28.Bb6 Bf8 29.Bd8 Nxc6
30.Rxc6 Be7 31.Bb6 Ra6 32.Rc8+ Kg7 33.Bc7 f6 34.Bd8 Kf7 35.Bxe7 Kxe7 36.Rd3 Ke6
37.Kb1 h5 38.Kc2 g5 39.Kc3 Kf5 40.Kc4 h4 41.Rc5 Kf4 42.Kc3 Rab6 43.Kc2 Ra6
44.Rc4+ Kf5 45.Rc5 Kf4 46.Kd2 Rb8 47.Rc4+ Kf5 48.Rc5 Kf4 49.g4 Re8 50.Ke2 f5
51.Rc4+ e4 52.gxf5 Kxf5 53.Rd5+ Kf4 54.fxe4 Rb6 55.Rf5+ Kg4 56.Rf3 Reb8 57.h3+ Kh5
58.Rcc3 Rb5 59.a4 Re5 60.Ke3 Rb4 61.Kd3 Rbxe4 62.Rc8 Rb4 63.Kc3 g4 64.Rh8+ Kg5
65.Rg8+ Kh5 66.Rf7 Rc5+ 67.Kd2 Kh6 68.hxg4 Rxb3 69.Rfg7 Rxb2+ 70.Kd3 Rb4
71.Rg6+ Kh7 72.R8g7+ Kh8 73.g5 Rc8 74.Rd7 h3 75.Rh6+ Kg8 76.Rg6+ Kh8 77.Rh6+ Kg8
78.Rhh7 Rg4 79.Rhg7+ Kh8 80.Rh7+ Kg8 81.Rdg7+ Kf8 82.Rg6 Rcc4 83.Rd6 Kg8
84.Rxh3 Rxa4 85.Rd8+ Kg7 86.Kc2 Rg2+ 87.Kb3 Rb4+ 88.Kc3 Rxg5 89.Rc8 Rgb5
90.Rg3+ Kf7 91.Rc7+ Ke6 92.Rg6+ Kf5 93.Rgc6 Rb3+ 94.Kc2 Ke4 95.Rc4+ Kd5 96.R7c5+  1/2-1/2

[Event "35th Georgi Tringov Open"]
[Site "Plovdiv BUL"]
[Date "2013.02.05"]
[Round "3.20"]
[White "Petrov,Vl5"]
[Black "Stanojoski,Z"]
[Result "0-1"]
[WhiteElo "1983"]
[BlackElo "2410"]

1.e4 c5 2.Nf3 d6 3.d4 cxd4 4.Nxd4 Nf6 5.Nc3 Nc6 6.Bg5 Bd7 7.Qd2 Rc8 8.O-O-O Nxd4
9.Qxd4 Qa5 10.f4 Rxc3 11.bxc3 e5 12.Qb4 Qxb4 13.cxb4 Nxe4 14.Bh4 g5 15.Bd3 Nc3
16.Bxg5 Nxd1 17.Rxd1 Be7 18.Be4 f6 19.Bh4 Bc6 20.Bxc6+ bxc6 21.c4 Rg8 22.fxe5 dxe5
23.Rf1 Kf7 24.Bg3 Ke6 25.b5 Rg4 26.bxc6 Rxc4+ 27.Kb2 Rxc6 28.Bf2 Bc5 29.Bxc5 Rxc5
30.Kb3 f5 31.Rd1 f4 32.Rd8 Rc7 33.Rf8 Rg7 34.Re8+ Kf5 35.Rh8 Ke4 36.a4 a5
37.Kc3 Rxg2 38.Rxh7 f3 39.h4 f2 40.Rf7 Rg3+  0-1

[Event "ch-HUN U20 2013"]
[Site "Budapest HUN"]
[Date "2013.02.06"]
[Round "4.3"]
[White "Zsirai,P"]
[Black "Nagy,Ga1"]
[Result "1-0"]
[WhiteElo "2207"]
[BlackElo "2422"]

1.e4 c5 2.Nf3 d6 3.d4 cxd4 4.Nxd4 Nf6 5.Nc3 Nc6 6.Bg5 e6 7.Qd2 a6 8.O-O-O Be7
9.f3 O-O 10.h4 Bd7 11.Kb1 Nxd4 12.Qxd4 Qa5 13.Qd2 Qc5 14.g4 b5 15.Be3 Qc7
16.g5 Nh5 17.Ne2 Rac8 18.Bh3 f5 19.exf5 exf5 20.Nc3 Bc6 21.Nd5 Qb7 22.Rhe1 Bxd5
23.Qxd5+ Qxd5 24.Rxd5 g6 25.Bg2 Rfe8 26.Rdd1 Bf8 27.f4 Bg7 28.Bc1 Rxe1 29.Rxe1 Bd4
30.c3 Bf2 31.Re7 Bg3 32.Bb7 Rb8 33.Bd5+ Kf8 34.Rxh7 Rd8 35.Be3 Nxf4 36.Bxf4 Bxf4
37.h5 Bxg5 38.hxg6 Bh6 39.Rf7+  1-0

[Event "ch-TUR 2013"]
[Site "Antalya TUR"]
[Date "2013.02.07"]
[Round "9.1"]
[White "Solak,D"]
[Black "Metin,O"]
[Result "1-0"]
[WhiteElo "2603"]
[BlackElo "2021"]

1.e4 c5 2.Nc3 d6 3.Nf3 Nc6 4.d4 cxd4 5.Nxd4 Nf6 6.Bg5 e6 7.Qd2 Be7 8.O-O-O O-O
9.f4 Nxd4 10.Qxd4 Qa5 11.e5 dxe5 12.Qxe5 Qxe5 13.fxe5 Nd5 14.Bxe7 Nxe7 15.Bd3 Nc6
16.Rhe1 Rd8 17.b4 a6 18.Na4 Kf8 19.Be4 Ke7 20.Bxc6 bxc6 21.Rxd8 Kxd8 22.Rd1+ Ke7
23.Rd6 Ra7 24.Nb6 Rc7 25.c4 c5 26.Nxc8+ Rxc8 27.b5 axb5 28.cxb5 f6 29.Ra6 fxe5
30.Ra7+ Kd6 31.Rxg7 Rb8 32.a4 Ra8 33.Rxh7 Rxa4 34.b6 Rb4 35.b7 e4 36.g4 Ke5
37.g5 Kf5 38.h4 Kg6 39.Re7 Kh5 40.Rxe6 Rxb7 41.Rxe4 Rb3 42.Kd2 Ra3 43.Ke2 Rb3
44.Rf4 Rc3 45.Rf8 Rc4 46.Rh8+ Kg6 47.Rh6+ Kg7 48.Kf3 Ra4 49.Kg3 Re4 50.Rc6 c4
51.h5 Re1 52.Rc7+ Kg8 53.Rxc4 Rg1+ 54.Kf4 Rh1 55.Ke4  1-0

[Event "ch-TUR 2013"]
[Site "Antalya TUR"]
[Date "2013.02.08"]
[Round "10.6"]
[White "Metin,O"]
[Black "Atakisi,U"]
[Result "0-1"]
[WhiteElo "2021"]
[BlackElo "2320"]

1.e4 c5 2.Nf3 Nc6 3.d4 cxd4 4.Nxd4 Nf6 5.Nc3 d6 6.Bg5 Bd7 7.Qd2 h6 8.Bxf6 gxf6
9.O-O-O Nxd4 10.Qxd4 Qa5 11.Bc4 Rc8 12.Bb3 Qc5 13.Qd2 a5 14.a4 Bg7 15.Nd5 b5
16.axb5 Qxb5 17.Nxe7 Kxe7 18.Qxd6+ Ke8 19.Bxf7+ Kxf7 20.Qxd7+ Qxd7 21.Rxd7+ Kg6
22.h4 h5 23.Rh3 Bh6+ 24.Kb1 Bf4 25.Rhd3 Rhe8 26.f3 Rc7 27.Rxc7 Bxc7 28.c4 Bg3
29.Kc2 Bxh4 30.Rd5 Re5 31.Kd3 Rxd5+ 32.exd5 Bf2 33.Ke4 Bc5 34.b3 Kg5 35.g3 Kg6
36.f4 Kg7 37.d6 Bxd6 38.Kd5 Bb8 39.c5 h4 40.gxh4 Bxf4 41.Kc4 Bc7 42.Kb5 f5
43.Kc6 f4 44.Kxc7 f3 45.Kb6 f2 46.Kxa5 f1=Q 47.b4 Qc4  0-1

[Event "ch-TUR 2013"]
[Site "Antalya TUR"]
[Date "2013.02.08"]
[Round "10.3"]
[White "Sanal,V"]
[Black "Can,E"]
[Result "1/2-1/2"]
[WhiteElo "2399"]
[BlackElo "2460"]

1.e4 c5 2.Nf3 d6 3.d4 cxd4 4.Nxd4 Nf6 5.Nc3 Nc6 6.Bg5 e6 7.Qd2 a6 8.O-O-O Be7
9.f4 Nxd4 10.Qxd4 b5 11.Bxf6 gxf6 12.Bd3 Qc7 13.Qe3 Qc5 14.Qg3 Kf8 15.Kb1 b4
16.Ne2 a5 17.Qh3 h5 18.Rhf1 a4 19.f5 e5 20.Qh4 Bb7 21.Rf3 Rc8 22.Rc1 d5 23.exd5 Bxd5
24.Rh3 Bxg2 25.Rg3 Bd5 26.c4 Bc6 27.Be4 Rd8 28.Bxc6 Qxc6 29.c5 Rd2 30.Qc4 a3
31.bxa3 bxa3 32.Rxa3 Qxc5 33.Qxc5 Bxc5 34.Rxc5 Rxe2 35.Rc8+ Kg7 36.Rg3+ Kh7
37.Rxh8+ Kxh8 38.Rh3 Kg7 39.Rxh5 Rf2 40.a3 Kf8 41.Rh8+ Kg7 42.Rh5 Kg8 43.Kc1 Kg7  1/2-1/2

[Event "35th Georgi Tringov Open"]
[Site "Plovdiv BUL"]
[Date "2013.02.08"]
[Round "7.13"]
[White "Berescu,A"]
[Black "Nikolova,A"]
[Result "1-0"]
[WhiteElo "2495"]
[BlackElo "2276"]

1.e4 c5 2.Nf3 d6 3.d4 cxd4 4.Nxd4 Nf6 5.Nc3 Nc6 6.Bg5 e6 7.Qd2 a6 8.O-O-O h6
9.Nxc6 bxc6 10.Bf4 d5 11.Qe3 Bb4 12.a3 Ba5 13.exd5 cxd5 14.Be2 Bb7 15.Qg3 Bxc3
16.Qxc3 O-O 17.Bf3 Qe7 18.Rhe1 Rac8 19.Qb3 Rfd8 20.Kb1 Rc4 21.Be5 Bc6 22.Qe3 Bb5
23.b3 Ng4 24.Bxg4 Rxg4 25.Qf3 Rg6 26.Bb2 Qc7 27.g3 Rc8 28.Rd2 Bc6 29.Qe3 Bd7
30.f4 Qb7 31.Qd4 Qb8 32.Re3 h5 33.Re5 f5 34.Qd3 Bb5 35.Qf3 Be8 36.Re3 Qb6
37.Bd4 Qa5 38.Rde2 Qxa3 39.Rxe6 Rxe6 40.Rxe6 Bf7 41.Qe3 Qf8 42.Rxa6 Re8 43.Be5 Ra8
44.Rb6 Be8 45.Qd3 Rd8 46.Rb7 Rd7 47.Rxd7 Bxd7 48.Qxd5+ Qf7 49.Qxf7+ Kxf7
50.c4 g6 51.Kc2 Ke6 52.Kc3 Bc6 53.b4 Bf3 54.b5 Kd7 55.c5 Be4 56.Kb4 Bf3 57.Ka5 Bg2
58.Kb6 Kc8  1-0

[Event "17th Lienz Open 2013"]
[Site "Lienz AUT"]
[Date "2013.02.09"]
[Round "1.25"]
[White "Frank,Emanuel"]
[Black "Winkler,Walter"]
[Result "1-0"]
[WhiteElo "2087"]
[BlackElo "1770"]

1.e4 c5 2.Nf3 d6 3.d4 cxd4 4.Nxd4 Nc6 5.Nc3 Nf6 6.Bg5 e5 7.Ndb5 a6 8.Na3 Be7
9.Nc4 Be6 10.Bxf6 gxf6 11.Nd5 Bxd5 12.Qxd5 Qc7 13.c3 Rd8 14.Be2 f5 15.Bh5 O-O
16.exf5 Bf6 17.Ne3 Ne7 18.Qf3 Kh8 19.Ng4 Ng8 20.Rd1 Qe7 21.O-O e4 22.Qe2 d5
23.Rfe1 Qd7 24.Ne3 Qc6 25.Nc2 Be7 26.Nd4 Qh6 27.Bg4 Nf6 28.Bh3 Rg8 29.Qe3 Qg7
30.g3 Bd6 31.Ne2 Bc7 32.Nf4 Rd7 33.Rd2 Rgd8 34.Red1 b5 35.Kh1 Be5 36.f3 Bb8
37.Bg2 Ba7 38.Qe1 e3 39.Rd3 d4 40.cxd4 Bxd4 41.Qa5 Rd6 42.Qb4 Ne8 43.Ne2 Bc5
44.Qe4 Nf6 45.Rxd6 Rxd6 46.Qa8+ Qg8 47.Qxg8+ Kxg8 48.Rxd6 Bxd6 49.f4 Ng4
50.Kg1 Bc5 51.h3 Nf6 52.Kf1 Nd7 53.Bb7 Nb8 54.Nc3 Bd4 55.Ke2 b4 56.Nd5 Bxb2
57.Nxb4 a5 58.Nc2 Nd7 59.Kxe3 Nc5 60.Bd5 Kg7 61.Ne1 h6 62.Nf3 f6 63.Kd2 Ba1
64.Kc2 Kf8 65.g4 Kg7 66.h4 Kh7 67.g5 hxg5 68.fxg5 fxg5 69.hxg5 Nd7 70.Kb3 Kg7
71.Nd2 a4+ 72.Kc4 Nb6+ 73.Kc5 Nd7+ 74.Kd6 Nf8 75.Nc4 Nh7 76.f6+ Nxf6 77.gxf6+ Kxf6
78.Bc6 Bd4 79.Bxa4 Bg1 80.Bb5 Bf2 81.Nb2 Be1 82.Nd3 Bd2 83.Bc6 Kf5 84.a4 Kf6
85.Kc5 Ke6 86.Nb4 Be3+ 87.Kb5 Kd6 88.a5 Bg1 89.Nd5 Bf2 90.Nb6 Kc7 91.Bf3 Bg1
92.Nd5+ Kd6 93.Ka6 Bf2 94.Kb7 Bd4 95.a6  1-0

[Event "35th Georgi Tringov Open"]
[Site "Plovdiv BUL"]
[Date "2013.02.09"]
[Round "8.9"]
[White "Paichadze,L"]
[Black "Gochev,M"]
[Result "1-0"]
[WhiteElo "2520"]
[BlackElo "2289"]

1.e4 c5 2.Nf3 Nc6 3.d4 cxd4 4.Nxd4 Nf6 5.Nc3 d6 6.Bg5 Bd7 7.Qd2 h6 8.Bxf6 gxf6
9.O-O-O Nxd4 10.Qxd4 Qa5 11.Nd5 Rg8 12.b4 Qa3+ 13.Kb1 Rc8 14.Rd3 Qa4 15.Rc3 Rxc3
16.Qxc3 Qc6 17.Qa3 a6 18.b5 axb5 19.Qa5 b6 20.Nxb6 Rg5 21.Nd5 e6 22.f4 Rxd5
23.exd5 Qxd5 24.Bd3 f5 25.Rd1 Bg7 26.Qb4 Ke7 27.Be2 Qc6 28.Rd3 Qc7 29.Bf3 Bc6
30.a3 Bxf3 31.gxf3 Qc6 32.c3 Kd7 33.Kc2 d5 34.Rd1 d4 35.Rb1 Ke8 36.Rb3 d3+
37.Kxd3 Qxf3+ 38.Kc2 Qg2+ 39.Kb1 Qg1+ 40.Ka2 Qxh2+ 41.Rb2  1-0

[Event "TCh-FIN SM 2012-13"]
[Site "Jyvaskyla FIN"]
[Date "2013.02.10"]
[Round "11.6"]
[White "Verkasalo,T"]
[Black "Hamalainen,S"]
[Result "1-0"]
[WhiteElo "2174"]
[BlackElo "2257"]

1.e4 c5 2.Nf3 d6 3.d4 cxd4 4.Nxd4 Nf6 5.Nc3 Nc6 6.Bg5 Bd7 7.Qd2 Rc8 8.O-O-O Nxd4
9.Qxd4 Qa5 10.Bxf6 gxf6 11.Kb1 Qc5 12.f4 Rg8 13.f5 Bh6 14.g3 Qxd4 15.Rxd4 Be3
16.Rc4 Rxc4 17.Bxc4 e6 18.Rd1 Ke7 19.a3 Rc8 20.Bf1 Rc5 21.Rd3 Bg5 22.h4 Bh6
23.b4 Re5 24.Bg2 Bc6 25.g4 a6 26.Kb2 Bf4 27.Kb3 Bh2 28.Rh3 Bg1 29.Rd3 Bf2
30.Rd1 Bxh4 31.Rh1 Bf2 32.fxe6 fxe6 33.Rxh7+ Kf8 34.a4 Be1 35.Nd1 b6 36.Ra7 a5
37.bxa5 bxa5 38.Nc3 f5 39.gxf5 exf5 40.Ra6 Rc5 41.Nb5 Bxe4 42.Bxe4 fxe4 43.Nxd6 Rc3+
44.Kb2 e3 45.Nf5 e2 46.Re6 Rf3 47.Rf6+ Ke8 48.Ng7+ Ke7 49.Rxf3 Bc3+ 50.Rxc3 e1=Q
51.Re3+  1-0

[Event "Moscow Open B 2013"]
[Site "Moscow RUS"]
[Date "2013.02.10"]
[Round "9.5"]
[White "Charochkina,D"]
[Black "Komiagina,M"]
[Result "0-1"]
[WhiteElo "2332"]
[BlackElo "2242"]

1.e4 c5 2.Nf3 Nc6 3.d4 cxd4 4.Nxd4 Nf6 5.Nc3 d6 6.Bg5 e6 7.Qd2 a6 8.O-O-O h6
9.Nxc6 bxc6 10.Bf4 d5 11.Qe3 Bb4 12.a3 Ba5 13.Be2 O-O 14.h4 Bxc3 15.bxc3 Qe7
16.c4 Nxe4 17.f3 Nc5 18.g4 Re8 19.Be5 f6 20.Bg3 Nd7 21.g5 Qc5 22.Qxc5 Nxc5
23.gxf6 gxf6 24.Bd6 Nb7 25.Rhg1+ Kf7 26.f4 Nxd6 27.Bh5+ Kf8 28.Bxe8 Nxe8
29.Rg6 Ra7 30.Rxh6 Kg7 31.Rh5 Kg8 32.f5 exf5 33.cxd5 cxd5 34.Rxd5 Re7 35.Rd8 Bd7
36.Kd2 Kg7 37.Kc3 Be6 38.Rd2 Rc7+ 39.Kb2 Kg8 40.a4 Rd7 41.Re2 Nc7 42.Rh6 Kg7
43.Rh5 Rd4 44.Rg2+ Rg4 45.Rxg4+ fxg4 46.Rc5 Nd5 47.Rc6 Bf7 48.c4 Ne3 49.h5 g3
50.h6+ Kh7 51.Rxf6 g2 52.Rxf7+ Kxh6 53.Rf8 g1=Q  0-1

[Event "ch-CUB Men Final 2013"]
[Site "Santa Clara CUB"]
[Date "2013.02.10"]
[Round "4.3"]
[White "Quesada Perez,Yu"]
[Black "Diaz,Rid"]
[Result "1-0"]
[WhiteElo "2596"]
[BlackElo "2306"]

1.e4 c5 2.Nf3 d6 3.d4 cxd4 4.Nxd4 Nf6 5.Nc3 Nc6 6.Bg5 e6 7.Qd2 a6 8.O-O-O Bd7
9.f3 b5 10.Nxc6 Bxc6 11.Ne2 Be7 12.Nd4 Bb7 13.h4 O-O 14.g4 Rc8 15.Kb1 Nd7
16.Bxe7 Qxe7 17.Qe3 Ne5 18.g5 Qc7 19.h5 d5 20.Be2 dxe4 21.fxe4 Nc6 22.Nxc6 Qxc6
23.Bd3 Qc5 24.Qg3 Qc7 25.Qg4 Qe5 26.Rhf1 Rcd8 27.Rf4 a5 28.Rdf1 b4 29.Qf3 Rd7
30.g6 f5 31.Qf2 a4 32.exf5 a3 33.Rxb4 exf5 34.bxa3 Bd5 35.Qf4 Qe7 36.Bxf5 Kh8
37.Bxd7 Rxf4 38.Rfxf4  1-0

[Event "e2e4 Torquay Open"]
[Site "Torquay ENG"]
[Date "2013.02.10"]
[Round "5"]
[White "Ledger,D"]
[Black "Wells,P"]
[Result "0-1"]
[WhiteElo "2254"]
[BlackElo "2491"]

1.e4 c5 2.Nf3 Nc6 3.d4 cxd4 4.Nxd4 Nf6 5.Nc3 d6 6.Bg5 e6 7.Qd2 Be7 8.O-O-O O-O
9.f4 h6 10.h4 Nxd4 11.Qxd4 Bd7 12.Bxf6 Bxf6 13.Qxd6 Bc6 14.Qc5 Qc7 15.e5 Be7
16.Qe3 Qa5 17.Kb1 Bc5 18.Qg3 Rfd8 19.Bc4 b5 20.Bb3 b4 21.Ne2 Qb5 22.Nc1 Be4
23.Nd3 a5 24.Nxc5 Qxc5 25.Ba4 Rd4 26.Rxd4 Qxd4 27.Bb5 a4 28.Re1 a3 29.Qb3 Bd5
30.c3 Be4+ 31.Ka1 axb2+ 32.Qxb2 bxc3 33.Qc1 c2+ 34.Qb2 Bd5 35.Bd3 Rxa2+  0-1

[Event "ch-ROU 2013"]
[Site "Baile Olanesti ROU"]
[Date "2013.02.16"]
[Round "1.16"]
[White "Patrascu,Catalin-Lucian"]
[Black "Stanciu,Al"]
[Result "0-1"]
[WhiteElo "1937"]
[BlackElo "2383"]

1.e4 c5 2.Nf3 Nc6 3.d4 cxd4 4.Nxd4 Nf6 5.Nc3 d6 6.Bg5 Bd7 7.Qd2 Rc8 8.O-O-O h6
9.Bxf6 gxf6 10.Kb1 a6 11.Nxc6 Rxc6 12.f4 f5 13.Nd5 Bg7 14.Qe3 Rc5 15.Be2 Be6
16.Bf3 Rb5 17.c3 O-O 18.Ka1 Qa5 19.Nxe7+ Kh8 20.Nd5 Rc8 21.Rd3 Rc4 22.a3 fxe4
23.Bxe4 Bxd5 24.Bf5 Bc6  0-1

[Event "TCh-CAT Div Hon 2013"]
[Site "Catalonia ESP"]
[Date "2013.02.16"]
[Round "5.2"]
[White "Cuadras Avellana,Jo"]
[Black "Jerez Perez,A"]
[Result "1/2-1/2"]
[WhiteElo "2325"]
[BlackElo "2410"]

1.e4 c5 2.Nf3 d6 3.d4 cxd4 4.Nxd4 Nf6 5.Nc3 Nc6 6.Bg5 e6 7.Qd2 Be7 8.O-O-O Nxd4
9.Qxd4 O-O 10.f3 Bd7 11.h4 Bc6 12.Kb1 d5 13.e5 Nd7 14.Bxe7 Qxe7 15.f4 Qc5
16.Qxc5 Nxc5 17.b4 Na4 18.Nxa4 Bxa4 19.Rd4 Rac8 20.Bd3 a6 21.Kb2 Rc7 22.Rc1 Rfc8
23.c3 Bb5 24.Rd1  1/2-1/2

[Event "VI Karkonosze Open A"]
[Site "Karpacz POL"]
[Date "2013.02.16"]
[Round "1.5"]
[White "Marczuk,Anna"]
[Black "Galazewski,T"]
[Result "0-1"]
[WhiteElo "1710"]
[BlackElo "2288"]

1.e4 c5 2.Nf3 d6 3.d4 cxd4 4.Nxd4 Nf6 5.Nc3 Nc6 6.Bg5 e6 7.Qd3 a6 8.O-O-O Bd7
9.f4 h6 10.Bh4 g5 11.fxg5 Ng4 12.Be2 hxg5 13.Nxc6 Bxc6 14.Bg3 Ne5 15.Bxe5 dxe5
16.Qf3 Qa5 17.Rhf1 Rh7 18.Bc4 Qc5 19.Bb3 Be7 20.Kb1 Rd8 21.h3 Rd4 22.Qg3 Rh4
23.Rxd4 Qxd4 24.Rd1 Qc5 25.Qd3 b5 26.g4 Rh6 27.a4 Qd4 28.Qg3 Qc5 29.axb5 axb5
30.Qd3 Qb4 31.Rf1 Kf8 32.Qf3 Rf6 33.Qe2 Rf4 34.Re1 Bc5 35.Qd3 Qd4 36.Ne2 Qxe4
37.Qd8+ Be8 38.Qxg5 Be7 39.Qh6+ Kg8 40.Qh5 Bc6 41.Qh6 Rf3 42.Ka2 Qe3 43.Qxe3 Rxe3
44.c3 Bh4 45.Rf1 Rxe2  0-1

[Event "US Amateur Team East 2013"]
[Site "Parsippany USA"]
[Date "2013.02.16"]
[Round "1"]
[White "Myers,Dominique"]
[Black "Kennedy,S"]
[Result "1-0"]
[WhiteElo "2015"]
[BlackElo "1917"]

1.e4 c5 2.Nf3 d6 3.d4 cxd4 4.Nxd4 Nc6 5.Nc3 Nf6 6.Bg5 e6 7.Qd2 a6 8.O-O-O h6
9.Bh4 Nxe4 10.Nxe4 Qxh4 11.f4 Nxd4 12.g3 Qd8 13.Qxd4 d5 14.Bh3 Bd7 15.Nc3 b5
16.Rhe1 Be7 17.Nxd5 exd5 18.Qxg7 Rf8 19.Bxd7+ Qxd7 20.Qf6 Kd8 21.Rxe7 Qxe7
22.Rxd5+ Ke8 23.Qc6+  1-0

[Event "Iceland-China Friendly Match"]
[Site "Reykjavik ISL"]
[Date "2013.02.16"]
[Round "4.2"]
[White "Hardarson,Jon Trausti"]
[Black "Yu Yangyi"]
[Result "0-1"]
[WhiteElo "1853"]
[BlackElo "2688"]

1.e4 c5 2.Nf3 Nc6 3.d4 cxd4 4.Nxd4 Nf6 5.Nc3 d6 6.Bg5 Qb6 7.Nb3 e6 8.Qd2 a6
9.O-O-O Be7 10.Kb1 Qc7 11.f4 b5 12.a3 Rb8 13.Be2 b4 14.axb4 Rxb4 15.Bf3 h6
16.Bxf6 gxf6 17.Rhe1 a5 18.e5 fxe5 19.Bxc6+ Qxc6 20.fxe5 d5 21.Nxa5 Qb6 22.Nb3 Ba6
23.Nxd5 exd5 24.Qxd5 Bc4 25.Qd7+ Kf8 26.Qc8+ Kg7 27.Qg4+ Qg6 28.Qd7 Bxb3
29.Rd2 Ra8 30.Qxe7 Ra1+ 31.Kxa1 Qa6+ 32.Kb1 Qa2+  0-1

[Event "TCh-HUN 2012-13"]
[Site "Nagykanizsa HUN"]
[Date "2013.02.17"]
[Round "7"]
[White "Magyar,An1"]
[Black "Gara,T"]
[Result "1/2-1/2"]
[WhiteElo "2271"]
[BlackElo "2385"]

1.e4 c5 2.Nf3 d6 3.d4 cxd4 4.Nxd4 Nf6 5.Nc3 Nc6 6.Bg5 e6 7.Qd2 a6 8.O-O-O Bd7
9.f3 Be7 10.h4 h6 11.Be3 h5 12.Kb1 Qc7 13.Be2 Ne5 14.Bg5 b5 15.a3 Rb8 16.f4 Nc4
17.Bxc4 bxc4 18.Ka2 Qb7 19.Qc1 Bd8 20.e5 dxe5 21.fxe5 Ng4 22.Bxd8 Rxd8 23.Qf4 O-O
24.Rhe1 Rb8 25.Rb1 f6 26.exf6 Rxf6 27.Qe4  1/2-1/2

[Event "ch-Central Serbia 2013"]
[Site "Pozarevac SRB"]
[Date "2013.02.19"]
[Round "2.7"]
[White "Sorgic,D"]
[Black "Martinovic,Sl"]
[Result "1/2-1/2"]
[WhiteElo "2239"]
[BlackElo "2425"]

1.e4 c5 2.Nf3 d6 3.d4 cxd4 4.Nxd4 Nf6 5.Nc3 Nc6 6.Bg5 e6 7.Qd2 a6 8.O-O-O h6
9.Bf4 Bd7 10.Nb3 Ne5 11.Be3 b5 12.f4 Nc4 13.Bxc4 bxc4 14.Nd4 Qa5 15.Nf3 Rb8
16.Qd4 Ng4 17.Bd2 Qb4 18.Nd5 Qb6 19.Nc3 Qa5 20.Be3 Bc8  1/2-1/2

[Event "e2e4 Brighton Masters 2013"]
[Site "Brighton ENG"]
[Date "2013.02.20"]
[Round "8"]
[White "Burrows,M"]
[Black "Haria,R"]
[Result "1-0"]
[WhiteElo "2147"]
[BlackElo "2053"]

1.e4 c5 2.Nf3 d6 3.d4 cxd4 4.Nxd4 Nf6 5.Nc3 Nc6 6.Bg5 e6 7.Qd2 a6 8.O-O-O Bd7
9.f3 Be7 10.Kb1 b5 11.h4 h6 12.Be3 h5 13.Nxc6 Bxc6 14.Ne2 Nd7 15.Nd4 Bb7
16.Bg5 Bxg5 17.hxg5 g6 18.g4 h4 19.Bxb5 axb5 20.Nxb5 Nc5 21.Nxd6+ Ke7 22.Qc3 Qxd6
23.Rxd6 Kxd6 24.Rd1+  1-0

[Event "e2e4 Brighton Masters 2013"]
[Site "Brighton ENG"]
[Date "2013.02.20"]
[Round "8"]
[White "Wallace,P"]
[Black "Croad,N"]
[Result "0-1"]
[WhiteElo "2195"]
[BlackElo "2259"]

1.e4 c5 2.Nf3 d6 3.d4 cxd4 4.Nxd4 Nf6 5.Nc3 Nc6 6.Bg5 e6 7.Qd2 Be7 8.O-O-O Nxd4
9.Qxd4 O-O 10.f4 Qa5 11.Bc4 Bd7 12.Rhe1 Bc6 13.Bb3 b5 14.Nd5 Nxd5 15.exd5 e5
16.Qe4 Bxg5 17.fxg5 Bd7 18.c3 g6 19.Rf1 Qc7 20.Rf6 a5 21.Bc2 b4 22.Rd3 bxc3
23.Rxc3 Qb6 24.Qe3 Qa6 25.Bd3 Bb5 26.Rc6 Rac8 27.Bxb5 Qxb5 28.Qc3 Rb8 29.Rcxd6 Rfc8
30.Rc6 Rd8 31.d6 Qd5 32.Qc4 Qxg2 33.Qxf7+ Kh8 34.Rc2 Rbc8 35.Rf2 Rxc2+ 36.Kxc2 Qe4+
37.Kc1 Qe3+ 38.Rd2 Qe1+ 39.Kc2 Rc8+ 40.Kb3 Qe3+ 41.Ka4 Qe4+ 42.Kxa5 Rc5+  0-1

[Event "ch-Central Serbia 2013"]
[Site "Pozarevac SRB"]
[Date "2013.02.20"]
[Round "4.15"]
[White "Kostic,Tomislav"]
[Black "Djukic,Sl2"]
[Result "1/2-1/2"]
[WhiteElo "1920"]
[BlackElo "2213"]

1.e4 c5 2.Nf3 Nc6 3.d4 cxd4 4.Nxd4 Nf6 5.Nc3 d6 6.Bg5 e6 7.f4 h6 8.Bxf6 Qxf6
9.Nde2 a6 10.Qd2 Qd8 11.O-O-O Be7 12.Kb1 b5 13.Nd4 Qb6 14.Nxc6 Qxc6 15.Qd4 O-O
16.Be2 Bb7 17.Rhf1 Rfd8 18.Bf3 Qc5 19.a3 Bf6 20.Qxc5 dxc5 21.e5 Bxf3 22.Rxf3 Rxd1+
23.Nxd1 Rd8 24.Rd3 Rxd3 25.cxd3 Be7 26.Kc2 f5 27.a4 g5 28.axb5 axb5 29.g3 gxf4
30.gxf4 b4 31.b3 Kf7 32.Kd2 Kg6 33.Ke2 Kf7 34.Ne3 Ke8 35.Nc4 Kd7 36.Nd2 Kc6
37.Nf3 Kd5  1/2-1/2

[Event "33rd TCh-IND 2013"]
[Site "Hyderabad IND"]
[Date "2013.02.21"]
[Round "1.1"]
[White "Adhiban,Baskaran"]
[Black "Joshi,M"]
[Result "1-0"]
[WhiteElo "2547"]
[BlackElo "2113"]

1.e4 c5 2.Nf3 Nc6 3.d4 cxd4 4.Nxd4 Nf6 5.Nc3 d6 6.Bg5 e6 7.Qd2 a6 8.O-O-O Bd7
9.f3 Be7 10.Be3 b5 11.g4 O-O 12.g5 Nh5 13.Nxc6 Bxc6 14.Ne2 e5 15.Ng3 Nf4
16.Bxf4 exf4 17.Nf5 Bd7 18.Nxe7+ Qxe7 19.Qxd6 Qxd6 20.Rxd6 Be6 21.Bd3 Rfc8
22.Kd2 Rc5 23.h4 a5 24.a3 b4 25.axb4 axb4 26.Ra1 Rb8 27.Raa6 g6 28.Rab6 Rxb6
29.Rxb6 h6 30.Rb5 Rxb5 31.Bxb5 hxg5 32.hxg5 Kf8 33.c3 bxc3+ 34.Kxc3 Ke7 35.Kd4 f6
36.gxf6+ Kxf6 37.b4 g5 38.Bc6 g4 39.e5+ Ke7 40.fxg4 Bxg4 41.b5 Bf5 42.b6 Kd8
43.Kc5 Kc8 44.Kd6 Bg4 45.e6 Bh5 46.e7  1-0

[Event "11th TCh-IND w 2013"]
[Site "Hyderabad IND"]
[Date "2013.02.21"]
[Round "2.1"]
[White "Anigani Kavya"]
[Black "Nimmy,A"]
[Result "1/2-1/2"]
[WhiteElo "1679"]
[BlackElo "2155"]

1.e4 c5 2.Nf3 d6 3.d4 cxd4 4.Nxd4 Nf6 5.Nc3 Nc6 6.Bg5 e6 7.Qd2 a6 8.O-O-O Bd7
9.f4 b5 10.Bxf6 gxf6 11.Kb1 Qb6 12.Nb3 b4 13.Ne2 a5 14.Nbd4 Be7 15.Qd3 Rb8
16.Nxc6 Qxc6 17.Nd4 Qc5 18.Be2 a4 19.Rhe1 a3 20.b3 Rc8 21.Bf3 Qb6 22.e5 fxe5
23.fxe5 d5 24.Bh5 Rc3 25.Qd2 Qc7 26.Rf1 O-O 27.Qe2  1/2-1/2

[Event "ch-CHI Final 2013"]
[Site "Iquique CHI"]
[Date "2013.02.21"]
[Round "9.2"]
[White "Perez Gormaz,M"]
[Black "Garcia Cardenas,P"]
[Result "1-0"]
[WhiteElo "2317"]
[BlackElo "2434"]

1.e4 c5 2.Nf3 Nc6 3.d4 cxd4 4.Nxd4 Nf6 5.Nc3 d6 6.Bg5 e6 7.Qd2 a6 8.O-O-O h6
9.Be3 Be7 10.f3 Qc7 11.g4 b5 12.Nxc6 Qxc6 13.Kb1 Bb7 14.Bg2 d5 15.exd5 Nxd5
16.Nxd5 Qxd5 17.Qe2 Qc4 18.Qf2 Bd5 19.b3 Qc6 20.Bd4 f6 21.Rhe1 a5 22.Re2 Kf7
23.h4 a4 24.g5 hxg5 25.hxg5 e5 26.gxf6 Bxf6 27.Bxe5 axb3 28.cxb3 Be6 29.f4 Bf5+
30.Ka1 Bxe5+ 31.Rxe5 Qc3+ 32.Qb2 Qxb2+ 33.Kxb2 Bg4 34.Rc1 Rad8 35.Rc7+ Rd7
36.Bd5+ Kg6 37.Rg5+ Kf6 38.Rc6+ Ke7 39.Rxg4 Rxd5 40.Rxg7+ Kf8 41.Rb7 Rh2+
42.Rc2  1-0

[Event "ch-Central Serbia 2013"]
[Site "Pozarevac SRB"]
[Date "2013.02.21"]
[Round "5.7"]
[White "Djokic,Neb"]
[Black "Cabrilo,G"]
[Result "0-1"]
[WhiteElo "2209"]
[BlackElo "2437"]

1.e4 c5 2.Nf3 Nc6 3.d4 cxd4 4.Nxd4 Nf6 5.Nc3 d6 6.Bg5 e6 7.Qd2 a6 8.O-O-O Be7
9.f3 O-O 10.Kb1 Qc7 11.h4 Rd8 12.g4 Nxd4 13.Qxd4 b5 14.Qd2 Rb8 15.Bd3 Bb7
16.h5 b4 17.Ne2 d5 18.e5 Ne4 19.fxe4 dxe4 20.Bxe7 Qxe7 21.Rh3 h6 22.Nc1 a5
23.Qf4 exd3 24.Rhxd3 Rxd3 25.Rxd3 Rc8 26.Qd4 Bd5 27.b3 Qb7 28.Re3 Qc6 29.c4 bxc3
30.Kc2 Rd8 31.Qxc3 Be4+ 32.Kb2 Qd5 33.a4 Qa8 34.Nd3 Rc8 35.Nc5 Bh7 36.Qd4 Qg2+
37.Ka3 Bb1 38.Qb2 Qxg4 39.Qxb1 Qb4+ 40.Kb2 Qd2+  0-1

[Event "ch-Central Serbia 2013"]
[Site "Pozarevac SRB"]
[Date "2013.02.22"]
[Round "7.17"]
[White "Colovic,Z"]
[Black "Djokic,Neb"]
[Result "0-1"]
[WhiteElo "2131"]
[BlackElo "2209"]

1.e4 c5 2.Nf3 Nc6 3.d4 cxd4 4.Nxd4 Nf6 5.Nc3 d6 6.Bg5 e6 7.Bb5 Bd7 8.O-O Be7
9.Nxc6 bxc6 10.Be2 Rb8 11.Rb1 Qa5 12.Qd2 h6 13.Bf4 e5 14.Bg3 g5 15.Rfd1 Be6
16.a3 Qc7 17.Qe3 Qb6 18.Qd2 h5 19.Qxg5 Nxe4 20.Qe3 Qxe3 21.fxe3 Nxg3 22.hxg3 d5
23.Kf2 Kd7 24.b4 h4 25.g4 Kc7 26.b5 Bxa3 27.bxc6 Rxb1 28.Rxb1 Kxc6 29.Rd1 Bc5
30.Bb5+ Kb6 31.Be2 Rd8 32.Na4+ Kc6 33.Nxc5 Kxc5 34.Rh1 a5 35.Rxh4 a4 36.g5 Ra8
37.Rh1 a3 38.Ra1 Kb4 39.Bd3 a2 40.g6 fxg6  0-1

[Event "TCh-CZE Div1 Vychod 2012-13"]
[Site "Czech Republic CZE"]
[Date "2013.02.24"]
[Round "8.2"]
[White "Piza,V"]
[Black "Ponizil,C"]
[Result "0-1"]
[WhiteElo "2257"]
[BlackElo "2377"]

1.e4 c5 2.Nf3 d6 3.d4 cxd4 4.Nxd4 Nf6 5.Nc3 Nc6 6.Bg5 Bd7 7.Qd2 Nxd4 8.Qxd4 Qa5
9.h4 h6 10.Be3 Ng4 11.Bd2 e5 12.Nd5 Qd8 13.Qc3 Rc8 14.Qb3 Be7 15.g3 O-O 16.Bh3 b6
17.f3 Nf6 18.Nxf6+ Bxf6 19.O-O-O Be7 20.Bxd7 Qxd7 21.g4 Qe6 22.g5 h5 23.Bb4 Rc4
24.Qa3 Rfc8 25.Rh2 R4c6 26.Qxa7 f5 27.Qa3 fxe4 28.fxe4 Qg4 29.Qe3 Rc4 30.Bxd6 Bxd6
31.Rxd6 Rxe4 32.Qb3+ Kh7 33.Rhd2 Re1+ 34.Rd1 Rxd1+ 35.Rxd1 Qxh4 36.Qd3+ e4
37.Qe3 Rf8 38.g6+ Kxg6 39.Qxb6+ Kh7 40.a4 Qf4+ 41.Kb1 e3 42.Qb5 Rf5 43.Qe8 Re5
44.Qb8 e2 45.Re1 Qd4 46.Qc7 Rf5  0-1